• 首页
  • 本馆介绍
  • 公告通知
  • 最新文献
  • 馆藏检索
  • 电子资源
  • 读者导购
  • 参考咨询
  • 我的图书馆
  • 登录
  • 详细信息显示
  • 放入我的书架
  • 预约/预借图书
  • 作者相关作品
  • 分类相关作品
  • 丛书相关作品
  • 出版社相关作品

书目信息

  • 表格格式
  • 工作单格式
  • 卡片格式
题名:
中国式精益实践
    
 
作者: 徐明强 编著
分册:  
出版信息: 北京   机械工业出版社  2012
页数: 10,204页
开本: 24cm
丛书名: 中国汽车企业精益生产管理丛书
单 册:
中图分类: F426.471.62
科图分类:
主题词: 汽车工业--工业企业管理--生产管理--中国 , 汽车工业 , 工业企业管理 , 生产管理
电子资源:
ISBN: 978-7-111-37257-8
000 01196nam0 22003131 450
001 524
005 20140909094453.32
010    @a978-7-111-37257-8@dCNY38.00
100    @a20120413d2012 em y0chiy50 ea
101 0  @achi
102    @aCN@b110000
105    @aa z 000yy
106    @ar
200 1  @a中国式精益实践@AZhong Guo Shi Jing Yi Shi Jian@f徐明强编著@FXu Ming Qiang Bian Zhu
210    @a北京@c机械工业出版社@d2012
215    @a10,204页@c图@d24cm
225 2  @a中国汽车企业精益生产管理丛书
312    @a封面英文题名:The practice of lean production in China
330    @a本书以推动企业成功实施精益变革的历程为主线,从价值流开篇,引导企业在精益变革的过程中有宏观的思维方式和管理格局。全书从精益现场、精益工厂和精益企业三个变革阶段来定位内容,分层阐述三个部分的管理方法与变革思维 。
410  0 @12001 @a中国汽车企业精益生产管理丛书
510 1  @aPractice of lean production in China@zeng
606 0  @a汽车工业@x工业企业管理@x生产管理@y中国
606 0  @a汽车工业
606 0  @a工业企业管理
606 0  @a生产管理
690    @aF426.471.62@v5
701  0 @a徐明强@AXu Ming Qiang@g(管理)@4编著
801  0 @aCN@bTANGWEI@c20140603
905    @b0837267-69@dF426.471.62@e133@f3
    
    中国式精益实践/徐明强编著.-北京:机械工业出版社,2012
    10,204页:图;24cm.-(中国汽车企业精益生产管理丛书)
    
    
    ISBN 978-7-111-37257-8:CNY38.00
    本书以推动企业成功实施精益变革的历程为主线,从价值流开篇,引导企业在精益变革的过程中有宏观的思维方式和管理格局。全书从精益现场、精益工厂和精益企业三个变革阶段来定位内容,分层阐述三个部分的管理方法与变革思维 。
●
相关链接 在E读中查询图书 在五车中查询图书 在当当中查询图书 在豆瓣中查询图书


正题名:中国式精益实践     索取号:F426.471.62/133         预约/预借

序号 登录号 条形码 馆藏地/架位号 状态 备注
1 0837267   208372679   第一样本阅览室/ [索取号:F426.471.62/133] 在馆    
2 0837268   208372688   第一借阅区/ [索取号:F426.471.62/133] 在馆    
3 0837269   208372697   密集书库-海洋学院/ [索取号:F426.471.62/133] 在馆    
唐山师范学院图书馆 欢迎您!
大连网信软件有限公司© 版权所有